| 000 | 00575nam a2200217Ia 4500 | ||
|---|---|---|---|
| 005 | 20230424131542.0 | ||
| 008 | 131103s9999 xx 000 0 und d | ||
| 040 | _aLoreto College | ||
| 041 | _aEnglish | ||
| 082 |
_a823.6 _bPAI |
||
| 100 | _apaine, thomas | ||
| 245 | 4 |
_aThe rights of man _cThomas Paine ; Introduction by Arther Seldon |
|
| 260 |
_aLondon _bJ M Dent _c1958 |
||
| 300 | _axv,295p. | ||
| 440 | _aeveryman library - 718 | ||
| 504 | _aIncludes index | ||
| 650 | _aEnglish fiction | ||
| 700 | _aSeldon, Arthur; intro | ||
| 850 | _aLCLIB | ||
| 942 | _cBK | ||
| 999 |
_c22272 _d72751 |
||